La explicación en las ciencias de la conducta.

Сохранить в:
Библиографические подробности
Главный автор: Toulmin, Stephen E. [et al.], (autor)
Формат:
Язык:испанский
Серии:(Alianza universidad ; no. 71)
Предметы:
Метки: Добавить метку
Нет меток, Требуется 1-ая метка записи!

MARC

LEADER 00000cam^a2200000uu^4500
001 000479614
005 20250521000000.0
008 050901s1970^^^^^^^^^^^^rd^r^^000^0^spa^d
009 20260310124941.135
022 |a 8420620750 
035 |a FCE 000022616 
035 |a FCE 002895 
037 |a Acervo ITESO - Biblioteca 
041 |a spa 
082 0 4 |a 301.04  |b EXPs 
100 |a Toulmin, Stephen E.,  |e [et al.]  |e (autor) 
245 1 3 |a La explicación en las ciencias de la conducta. 
264 |a Madrid :  |b Alianza,  |c 1970. 
300 |a 378 p. 
336 |a texto  |b txt  |2 rdacontenido 
337 |a sin mediación  |b n  |2 rdamedio 
338 |a volumen  |b nc  |2 rdasoporte 
440 0 |a (Alianza universidad ;  |v no. 71) 
596 |a Traducción de: Explanation in the behavioural sciences 
649 |a XX 
650 |a Psicología 
650 |a Comportamiento 
650 |a Conducta 
650 |a Antropología 
910 |a Fondo Centro de Estudios Educativos 
920 |a Impresos - Libros 
930 |a Fondos Especiales 
905 |a 133 
901 |a ALE002895  |b IT2  |c CEE  |u 20250521 
902 |a https://opac.biblio.iteso.mx/vufind/Record/000479614